00729nam a22002177a 4500999001900000003000400019020001800023082001900041100002300060245012300083260005300206300001300259546001200272650002100284650002600305650001300331650002600344650001500370942001200385952011400397 c194796d194796OSt a9789387085091 a636.088 AJI/HA aAjith Kumar Santra aHandbook on wild and zoo animals:ba treatise for students of veterinary, zoology, forestry and environmental science  aNew DelhibCBS Publishers and Distributorsc2018 ax, 345p. aEnglish aWildlife science aWildlife conservation aForestry aEnvironmental science aVeterinary 2ddccBK 00102ddc40708GenaKAUCLVbKAUCLVcGENERALd2020-10-06l0o636.088 AJI/HAp230673r2020-10-06 00:00:00yBK